Draw the Coast of Asia by Guessing Subdivisions - Statistics

General Stats
  • This quiz has been taken 212 times
  • The average score is 54 of 241
Answers on the Map
Answers color-coded by a green-red scale on the quiz's map according to % correct below.
 
Answer Stats
Hint Subdivision % Correct
Russia Kamchatka
75%
Russia Sakha
74%
Russia Krasnoyarsk
72%
Russia Magadan
68%
Russia Yamalo-Nenets
66%
Russia Chukotka
64%
Russia Khabarovsk
62%
Russia Primorsky
61%
China Shanghai
60%
China Tianjin
58%
China Hong Kong
57%
China Guangdong
56%
China Macau
56%
China Guangdong
55%
China Guangdong
55%
India West Bengal
53%
China Fujian
52%
Pakistan Balochistan
51%
India Goa
50%
China Hebei
50%
China Liaoning
50%
China Shandong
50%
Pakistan Sindh
50%
China Hebei
49%
India Kerala
49%
India Maharashtra
49%
India Tamil Nadu
49%
India Tamil Nadu
49%
United Arab Emirates Dubai
48%
China Guangxi
48%
United Arab Emirates Abu Dhabi
47%
India Gujarat
47%
India Odisha
47%
South Korea Busan
46%
Bangladesh Chittagong
46%
India Gujarat
46%
China Jiangsu
46%
India Puducherry
46%
China Zhejiang
44%
India Andhra Pradesh
43%
Israel Tel Aviv
43%
India Gujarat
42%
India Karnataka
41%
Iraq Basra
39%
Israel Haifa
39%
South Korea Seoul
39%
Qatar Ad Dawhah
38%
India Dadra and Nagar Haveliand Daman and Diu
38%
Georgia Abkhazia
37%
India Dadra and Nagar Haveliand Daman and Diu
37%
Saudi Arabia Eastern Province
37%
Oman Muscat
37%
Saudi Arabia Madinah
36%
Saudi Arabia Makkah
36%
Kuwait Al Asimah
35%
Jordan Aqaba
35%
Turkey Istanbul
35%
Saudi Arabia Eastern Province
34%
Lebanon Beirut
33%
Yemen Aden
32%
Iran Sistan and Baluchestan
32%
Egypt South Sinai
32%
Myanmar Yangon
32%
Turkey Antalya
31%
Thailand Bangkok
31%
Turkey İzmir
31%
United Arab Emirates Sharjah
31%
Israel Northern
30%
Israel Southern
30%
Malaysia Johor
29%
Egypt North Sinai
29%
Egypt North Sinai
28%
Israel Southern
28%
Israel Central
27%
Turkey Hatay
27%
Vietnam Hồ Chí Minh
27%
Bangladesh Khulna
27%
Egypt Suez
27%
Turkey Adana
26%
Turkey Bursa
26%
Israel Central
26%
South Korea Gyeonggi
26%
Vietnam Đà Nẵng
25%
South Korea Gyeonggi
25%
Syria Latakia
25%
Malaysia Penang
25%
North Korea Rason
24%
South Korea Ulsan
24%
Iran Khuzestan
22%
Malaysia Perlis
22%
Turkey Samsun
22%
Turkey Trabzon
22%
Bangladesh Barisal
21%
United Arab Emirates Fujairah
21%
Malaysia Malacca
21%
Turkey Mersin
21%
North Korea North Hamgyong
21%
Malaysia Selangor
21%
North Korea South Hamgyong
21%
South Korea Gangwon
20%
South Korea North Jeolla
20%
Egypt Port Said
20%
Myanmar Rakhine
20%
South Korea South Gyeongsang
20%
South Korea South Jeolla
20%
Thailand Chonburi
19%
North Korea Kangwon
19%
Malaysia Kedah
19%
Oman Musandam
19%
South Korea North Gyeongsang
19%
South Korea South Chungcheong
19%
Syria Tartus
19%
Malaysia Terengganu
19%
Vietnam Hải Phòng
18%
Malaysia Negeri Sembilan
18%
Malaysia Perak
18%
United Arab Emirates Sharjah
18%
Turkey Çanakkale
17%
Malaysia Kelantan
17%
Malaysia Pahang
17%
Saudi Arabia Tabuk
17%
United Arab Emirates Umm Al Quwain
17%
Turkey Aydın
16%
Thailand Narathiwat
16%
Turkey Sinop
16%
Yemen Taiz
16%
Georgia Adjara
15%
United Arab Emirates Ajman
15%
North Korea Kaesong
15%
Thailand Krabi
15%
United Arab Emirates Ras Al Khaimah
15%
Qatar Al Rayyan
14%
Thailand Phang Nga
14%
Turkey Rize
14%
Yemen Al Hudaydah
13%
Turkey Muğla
13%
North Korea North Pyongan
13%
North Korea South Pyongan
13%
Thailand Surat Thani
13%
Qatar Al Shamal
12%
Myanmar Ayeyarwady
12%
Turkey Balıkesir
12%
Egypt Ismailia
12%
North Korea Nampo
12%
Vietnam Quảng Ninh
12%
Thailand Songkhla
12%
Lebanon South
12%
North Korea South Hwanghae
12%
Kuwait Jahra
11%
Thailand Trat
11%
Kuwait Ahmadi
10%
Qatar Al Khor
10%
Qatar Al Khor
10%
Oman Al Wusta
10%
Myanmar Bago
10%
Turkey Balıkesir
10%
Iran Bushehr
10%
Kuwait Hawalli
10%
Saudi Arabia Jizan
10%
Cambodia Kampot
10%
Turkey Kastamonu
10%
Myanmar Mon
10%
Lebanon Mount Lebanon
10%
Thailand Rayong
10%
Thailand Satun
10%
Myanmar Tanintharyi
10%
Vietnam Thanh Hóa
10%
Saudi Arabia Asir
9%
Vietnam Cà Mau
9%
Thailand Chachoengsao
9%
Thailand Chanthaburi
9%
Vietnam Hà Tĩnh
9%
Iran Hormozgān
9%
Cambodia Kep
9%
Cambodia Koh Kong
9%
Lebanon Mount Lebanon
9%
Thailand Nakhon Si Thammarat
9%
Vietnam Nam Định
9%
Vietnam Nghệ An
9%
Vietnam Ninh Bình
9%
Thailand Pattani
9%
Thailand Phetchaburi
9%
Cambodia Preah Sihanouk
9%
Vietnam Quảng Bình
9%
Vietnam Quảng Nam
9%
Vietnam Quảng Trị
9%
Thailand Samut Prakan
9%
Thailand Samut Sakhon
9%
Thailand Samut Songkhram
9%
Vietnam Thái Bình
9%
Vietnam Thừa Thiên-Huế
9%
Thailand Chumphon
8%
Oman Dhofar
8%
Yemen Hadramaut
8%
Cambodia Kampot
8%
Vietnam Kiên Giang
8%
Kuwait Mubarak Al-Kabeer
8%
Lebanon North
8%
Cambodia Pursat
8%
Vietnam Quảng Ngãi
8%
Thailand Trang
8%
Qatar Al Daayen
7%
Qatar Al-Shahaniya
7%
Qatar Al Wakrah
7%
Turkey Artvin
7%
Vietnam Bình Định
7%
Vietnam Khánh Hòa
7%
Turkey Kocaeli
7%
Turkey Kocaeli
7%
Turkey Ordu
7%
Vietnam Phú Yên
7%
Thailand Prachuap Khiri Khan
7%
Thailand Ranong
7%
Turkey Sakarya
7%
Turkey Yalova
7%
Turkey Zonguldak
7%
Oman Al Batinah North
6%
Oman Al Batinah South
6%
Oman Ash Sharqiyah South
6%
Vietnam Bà Rịa-Vũng Tàu
6%
Turkey Bartın
6%
Vietnam Bạc Liêu
6%
Vietnam Bình Thuận
6%
Vietnam Bến Tre
6%
Vietnam Đồng Nai
6%
Turkey Düzce
6%
Turkey Giresun
6%
Vietnam Long An
6%
Vietnam Ninh Thuận
6%
Georgia Samegrelo-Zemo Svaneti
6%
Vietnam Sóc Trăng
6%
Vietnam Tiền Giang
6%
Vietnam Trà Vinh
6%
Yemen Abyan
5%
Lebanon Akkar
5%
Yemen Al Mahrah
5%
Georgia Guria
5%
Yemen Hajjah
5%
Yemen Lahij
5%
Yemen Shabwah
5%
Lebanon Keserwan-Jbeil
3%
No matching quizzes found
Score Distribution
Percent of People with Each Score
Percentile by Number Answered
Your Score History
You have not taken this quiz